[Event "Durban Ethekwini op"]
[Site "Durban"]
[Date "2017.03.19"]
[Round "4"]
[White "Kharwa, Suleman"]
[Black "Jikijela, Musa"]
[Result "0-1"]
[WhiteElo "1000"]
[BlackElo "1664"]
[PlyCount "80"]
[EventDate "2017.03.18"]
[EventType "swiss"]
[EventRounds "7"]
[EventCountry "RSA"]
[SourceTitle "CBM 177 Extra"]
[Source "ChessBase"]
[SourceDate "2017.04.27"]
[SourceVersion "1"]
[SourceVersionDate "2017.04.27"]
[SourceQuality "1"]

1. e4 Nf6 2. Nc3 d5 3. exd5 Nxd5 4. Nf3 g6 5. Be2 Bg7 6. d4 0-0 7. Be3 Nxe3 8. fxe3 c5 9. 0-0 Nc6 10. d5 Ne5 11. e4 Qb6 12. Rb1 Ng4 13. Qe1 Ne3 14. Rf2 Nxc2 15. Qc1 Nd4 16. Kh1 Bg4 17. Nd2 Nxe2 18. Nxe2 c4 19. Qf1 Qa6 20. Nc3 b5 21. h3 Bd7 22. Rf3 b4 23. Nd1 Bb5 24. a4 bxa3 25. Rxa3 Qd6 26. Qf2 a6 27. Nc3 e6 28. Nxb5 axb5 29. Rxa8 Rxa8 30. Rf1 Rf8 31. Rb1 exd5 32. Qh4 d4 33. Nf3 d3 34. e5 Bxe5 35. Ng5 h5 36. Ne4 Qd5 37. Qe1 f5 38. Ng5 Qd6 39. Nf3 Bg3 40. Qe3 Bf4 0-1